The noble scholar, jurist, historian


 His Excellency Dr. Abdul Wahhab bin Ibrahim Abu Sulaiman, may Allah have mercy on him.


 He was born in Umm Al-Qura in the year 1356 AH.

أحداث الاعتداء على الحرم المكي الشريف / (Record no. 11901)

MARC details
000 -LEADER
fixed length control field 01398cam a2200289 i 4500
003 - CONTROL NUMBER IDENTIFIER
control field SA-RiAUC
005 - DATE AND TIME OF LATEST TRANSACTION
control field 20250918071016.0
008 - FIXED-LENGTH DATA ELEMENTS--GENERAL INFORMATION
fixed length control field 250917q19001999su g 0000p ara c
040 ## - CATALOGING SOURCE
Original cataloging agency SA-JeALM
Language of cataloging ara
Transcribing agency SA-RiAUC
Description conventions rda
043 ## - GEOGRAPHIC AREA CODE
Geographic area code a-su---
082 04 - DEWEY DECIMAL CLASSIFICATION NUMBER
Classification number 811.062
090 ## - LOCALLY ASSIGNED LC-TYPE CALL NUMBER (OCLC); LOCAL CALL NUMBER (RLIN)
Classification number (OCLC) (R) ; Classification number, CALL (RLIN) (NR) 811.062
Local cutter number (OCLC) ; Book number/undivided call number, CALL (RLIN) ا ح د
245 00 - TITLE STATEMENT
Title أحداث الاعتداء على الحرم المكي الشريف /
Statement of responsibility, etc. جمعه ورتبه علي الحمد الصفراني ؛ إشراف محمود سرور عفيفي.
246 34 - VARYING FORM OF TITLE
Title proper/short title أحداث الحرم المكي الشريف 1 / 1 / 1400 هـ
264 #1 - PRODUCTION, PUBLICATION, DISTRIBUTION, MANUFACTURE, AND COPYRIGHT NOTICE
Place of production, publication, distribution, manufacture مكة المكرمة :
Name of producer, publisher, distributor, manufacturer مطابع دار الثقافة،
Date of production, publication, distribution, manufacture, or copyright notice [بين 1900 و1999]
300 ## - PHYSICAL DESCRIPTION
Extent 150 صفحة
Dimensions 24 سم.
336 ## - CONTENT TYPE
Content type term نص
Content type code txt
Source rdacontent
Materials specified كتاب
337 ## - MEDIA TYPE
Media type term بدون وسيط
Media type code n
Source rdamedia
505 0# - FORMATTED CONTENTS NOTE
Formatted contents note القصائد التي عبر فيها الشعراء عن استنكارهم لحادث الاعتداء الأثيم على الحرم المكي الشريف في غرة المحرم من عام 1400 هـ.
650 #7 - SUBJECT ADDED ENTRY--TOPICAL TERM
Topical term or geographic name entry element الشعر العربي الإسلامي
Source of heading or term aucsh
650 #7 - SUBJECT ADDED ENTRY--TOPICAL TERM
Topical term or geographic name entry element الشعر الديني
Source of heading or term aucsh
651 #7 - SUBJECT ADDED ENTRY--GEOGRAPHIC NAME
Geographic name مكة المكرمة
General subdivision تاريخ
Source of heading or term aucsh
700 1# - ADDED ENTRY--PERSONAL NAME
Personal name الصفراني، علي حمد،
Dates associated with a name 1345 هجري-
Relator term جامع.
700 1# - ADDED ENTRY--PERSONAL NAME
Personal name عفيفي، محمود سرور
Relator term مشرف.
942 ## - ADDED ENTRY ELEMENTS (KOHA)
Source of classification or shelving scheme Dewey Decimal Classification
Koha item type Books
Suppress in OPAC No
949 ## - LOCAL PROCESSING INFORMATION (OCLC)
a SA-JeALM
d 250917
u osman123
n 1
Holdings
Withdrawn status Lost status Source of classification or shelving scheme Damaged status Not for loan Home library Current library Date acquired Total checkouts Full call number Barcode Date last seen Price effective from Koha item type
    Dewey Decimal Classification     DR AbdElwahab Library DR AbdElwahab Library 09/18/2025   811.062 ا ح د 000019186 09/18/2025 09/18/2025 Books